| 000 | 00384nam a2200145 a 4500 | ||
|---|---|---|---|
| 001 | 5439 | ||
| 003 | CDMR | ||
| 005 | 20130116135308.0 | ||
| 008 | 130130s1991||||||||||||||||||||||||||||d | ||
| 040 |
_aCDMR _bcat _cCPC GIRONA |
||
| 245 | 0 | _aPragmàtica i recepció del text periodístic | |
| 260 |
_c1991 _bSocietat Catalana de Comunicació |
||
| 490 | 0 |
_aPeriodística _v4 _92736 |
|
| 942 | _cMON | ||
| 999 |
_c5439 _d5439 |
||